000 00539nmm a2200169Ia 4500
008 251105s9999||||xx |||||||||||||||||und||
020 _a9786071667762
041 _aspa
100 _aZárate, José Luis
245 0 _aLa ruta del hielo y la sal
264 _a[México D.C., Mexico] :
_bFondo de Cultura Económica,
_c[Fecha de publicación no identificada]
300 _a125 páginas
490 _aColección Popular
650 _aScience fiction & Fantasy
856 _uhttps://public.digitaliapublishing.com/a/100342
942 _cCF
999 _c75639
_d75639